| 000 | 00708nam a22001817a 4500 | ||
|---|---|---|---|
| 005 | 20250912144353.0 | ||
| 010 | _aB-775079-092 20BACCHEN25 | ||
| 020 |
_a9789359543178 _c299.00 |
||
| 035 | _aB-775079-092 | ||
| 082 | _aS | ||
| 100 |
_aTan, Susan _985034 |
||
| 245 |
_aPets Rule: _bInvasion of the Pugs/ _cBy Susan Tan |
||
| 260 |
_c2024 _aUnited States _bScholastic |
||
| 270 |
_aNew York _bUnited States |
||
| 300 |
_a87p. _c19cm.(pb) |
||
| 942 |
_2ddc _cCH _hS _mTAN |
||
| 999 |
_c209699 _d209699 |
||